000 004550000a22001810004500
003 MACL
005 20150923152305.0
008 150923b xxu||||| |||| 00| 0 eng d
040 _aMACL
_cMACL
041 _aEnglish
082 _a891/RAO
100 _aRao, A, Ramakrishna
_95263
245 _aComparative Perspective On Indian Literature
260 _bPrestige
_c1992
_aNew Delhi
350 _a180
650 _aLiterature
_912433
942 _cBK
_k891
_2ddc
999 _c3691
_d3691